Loading...
| Mythology | 0 | 2 | 0 | 1 | 20 | 109 | 125.50 | 0 | 1 | 0.00 | 0.00 |
| Literature - World | 0 | 2 | 0 | 1 | 20 | 118 | 131.00 | 0 | 2 | 0.00 | 0.00 |
| Literature - British | 1 | 0 | 0 | 0 | 15 | 61 | 61.00 | 0 | 1 | 0.00 | 0.00 |
| Science - Biology | 0 | 1 | 0 | 0 | 10 | 118 | 118.00 | 0 | 0 | 0.00 | 0.00 |
| Science - Other | 0 | 1 | 0 | 1 | 10 | 120 | 120.00 | 0 | 0 | 0.00 | 0.00 |
| Literature - American | 0 | 1 | 0 | 1 | 10 | 118 | 118.00 | 0 | 0 | 0.00 | 0.00 |
| Religion | 0 | 1 | 0 | 0 | 10 | 119 | 119.00 | 0 | 0 | 0.00 | 0.00 |
| History - World | 0 | 1 | 0 | 0 | 10 | 129 | 129.00 | 0 | 0 | 0.00 | 0.00 |
| Science - Chemistry | 0 | 0 | 0 | 0 | 0 | 0.00 | 0 | 0 | 0.00 | 0.00 |